000 00439nam a2200157 i 4500
001 51182
003 ES-MaACL
005 20230906162320.0
007 t|
008 030811s1970 sp ||||1| spa d
100 1 _aChaparro Wert, Manuel.
_938007
245 1 0 _aAgua clara /
_cManuel Chaparro Wert.
260 _aHuelva :
_b[s.n.,
_c1970] (
_fVda. e hijos G. Chaparro)
300 _a186 p. ;
_c22 cm.
852 _aES-MaACL
_jC-38729
_bR.74488
999 _c51182
_d51182